00740nam a22001937a 450000500170000001000150001702000270003203500140005908200110007310000250008424500920010926000420020127000610024330000200030470000250032494200250034999900190037495201530039320250108163846.0 aENG-143251 a9789395520232c1295.00 aEN-126783 a808.02 aGandhi Parul 976136 aDissertation Writing: bA Complete Guide to ResearchcBy Parul Gandhi [and] N.K. Chadha aNew DelhibThe Readers Paradisec2022 bNew Delhia103, 4787/23, Ansari Road, Darya Ganje110002 a246p.c22cm(HB) aChadha, N.K. 976137 2ddccENh808.02mGAN c208231d208231 001040708NFICaAVbAVd2025-01-08eDelivery of Books Divisiong1295.00l0o808.02 GANpEN-126783r2025-01-08 00:00:00t1v1295.00w2025-01-08yEN